Countries by their neighbours (Easy) - Statistics

General Stats
  • This quiz has been taken 23 times
  • The average score is 9 of 10
Answer Stats
Hint Answer % Correct
Lithuania/Estonia Latvia
100%
Portugal/Andorra/France Spain
100%
Finland/Norway Sweden
100%
Ireland UK
100%
Canada/Mexico US
100%
Lithuania/Slovakia/Belarus/Ukraine/Germany/Czechia/Russia Poland
90%
Germany Denmark
86%
Greece/Bulgaria/Georgia/Armenia/Iraq/Syria/Azerbaijan/Iran Turkey
86%
Slovenia/Austria/Switzerland/France Italy
81%
Ukraine/Romania Moldova
76%
No matching quizzes found
Score Distribution
Percent of People with Each Score
Percentile by Number Answered
Your Score History
You have not taken this quiz